| 000 | 00442nam a2200181Ia 4500 | ||
|---|---|---|---|
| 008 | 170705s9999 xx 000 0 und d | ||
| 020 | _a9780531210437 | ||
| 245 | _aScary creatures : | ||
| 245 | _bpinnipeds / | ||
| 245 | _cJohn Malam ; created by David Salariya. | ||
| 260 | _aNew York : | ||
| 260 | _bScholastic, | ||
| 260 | _c[1989] | ||
| 300 | _a32 pages : | ||
| 300 | _bcolor illustration ; | ||
| 300 | _c28cm. | ||
| 500 | _a930 | ||
| 999 |
_c336571 _d336571 |
||